00707 2200217 4500001002100000005001500021035002500036040001700061082001800078084002400096100004000120245009700160260004700257300004000304650002900344850001200373999002100385008004100406090002100447990002100468INLIS00000000002302320250620091523 a0010-091600000000795 aYOPDYOGbind 223a315.98232 aDEP 315.98232 Bad K aBADAN PUSAT STATISTIK (Gunungkidul) aKabupaten Gunungkidul dalam angka = Gunungkidul district in figures /cBadan Pusat Statistik3 aYogyakarta :bBadan Pusat Statistik,c2016 axxxiii, 261 hlm. :bilus. ;c21 cm. 4aGunungkidul--xStatistik aYOPDYOG aCB-D.11/2016-533160929s2016 yoi g ind d aCB-D.11 2016-533 aCB-D.11/2016-533